Statistics for Which City in New Zealand?

Click here to take the quiz!

General Stats

  • This quiz has been taken 120 times
  • The average score is 10 of 20

Answer Stats

descriptioncity/town% Correct
The Avon River flows through this, Canterbury's largest cityChristchurch
90%
The Prime Minister's offices, nicknamed the Beehive, are hereWellington
89%
Rangitoto, a volcano, is in its harbourAuckland
60%
Napier's twin cityHastings
58%
Nicknamed "Palmy" by its localsPalmerston North
58%
The world's easternmost city, the first each day to see the sunGisborne
57%
In Maori, it means Two LakesRotorua
51%
The last 20 years were spent debating whether its name has an h in itWhanganui
49%
The Centre of New Zealand, a hill, is in this South Island cityNelson
47%
The South Island terminal of the Cook Strait ferry from WellingtonPicton
47%
Where the Treaty of Waitangi was most famously signedWaitangi
46%
NZ's northernmost city, appropriately in NorthlandWhangarei
46%
Where the Grey River meets the seaGreymouth
45%
NZ's westernmost city, inappropriately in SouthlandInvercargill
45%
Western port, named after a southern English portNew Plymouth
43%
Largest town on the shore of Lake Te AnauTe Anau
42%
Marlborough's capitalBlenheim
38%
In 1900 the 2nd largest town in NZ (after Dunedin), near CoromandelThames
31%
Home town of King Country rugby team, and rugby great Colin MeadsTe Kuiti
13%
This town's streets are appropriately named after Shakespeare's charactersStratford
12%

Score Distribution

Percentile by Number Answered

Percent of People with Each Score

Your Score History

You have not taken this quiz